000 00553nam a2200205Ia 4500
999 _c30187
_d30187
001 30060
003 PK-LaUMT
005 20220902154544.0
008 140416s9999 xx 000 0 und d
020 _a0-8213-1754-7
040 _cPK-LaUMT
082 _aW 301.01
_bCER-U
100 _aMichael M. Cernea
245 _aUsing knowledge from social science in development projects
_cMichael M. Cernea
260 _aWashington,USA:
_bWorld Bank,
_c1991
300 _a54 p.
546 _aEN
650 _aApplied anthropology
942 _cWEEDED OUT
_2ddc